000 00701nam a22002177a 4500
999 _c16353
_d16353
003 AR-CdUCM
008 190503b ||||| |||| 00| 0 spa d
040 _aMUNICIPALIDAD PROVINCIAL DEL CUSCO
_cBIBLIOTECA MUNICIPAL DEL CUSCO
082 _a869.26 /
_bB44
100 _aBenedetto, Antonio Di
_935749
245 _aEl Pentagono :
_bnovela en forma de cuentos /
260 _aBuenos Aires :
_bEdiciones Doble P,
_c1955.
300 _a149 páginas ;
_c18 cm.
440 _aGrandes Escritores Argentinos Novelas.
_n5
_935750
505 _aContenido: Novela.
650 _aLiteratura Argentina
_984
650 _aNovela
_95
650 _aSiglo XX
_98
942 _2ddc
_cLIBROS
945 _aachl
_d2019-05-03